Literary Character by First Mention Quiz Stats

Quiz Updated Dec 3, 2017

Challenge
Share
Tweet
Embed
Score 0/20 Timer 11:00
0 Plays Today
% Correct
Gandalf the Grey (The Fellowship of the Ring)
90%
Hermione Granger (Harry Potter and the Sorcerer's Stone)
86.1%
Ishmael (Moby-Dick)
83.7%
Peeta Mellark (The Hunger Games)
81.8%
Mr. Fitzwilliam Darcy (Pride and Prejudice)
78%
Alice (Alice's Adventures in Wonderland)
77.5%
Jem Finch (To Kill a Mockingbird)
72.4%
Lyra Silvertongue (His Dark Materials)
72.2%
Aslan (The Lion, The Witch and the Wardrobe)
58.3%
Jacob Black (Twilight)
52.3%
% Correct
Ford Prefect (The Hitchhiker's Guide to the Galaxy)
51.8%
Johnny Cade (The Outsiders)
51.7%
Josef K. (The Trial)
51%
Colonel Aureliano Buendía (One Hundred Years of Solitude)
48.7%
Buttercup (The Princess Bride)
42.5%
John the Savage (Brave New World)
37.4%
Miss Havisham (Great Expectations)
28.2%
Winston Smith (1984)
27.3%
Jack Torrance (The Shining)
26.7%
Ender Wiggin (Ender's Game)
25.2%

You're not logged in!

Compare scores with friends on all Sporcle quizzes.
Sign Up with Email
OR
Log In

You Might Also Like...

Show Comments

Extras

Top Quizzes Today


Score Distribution

Your Account Isn't Verified!

In order to create a playlist on Sporcle, you need to verify the email address you used during registration. Go to your Sporcle Settings to finish the process.